| 000 | 01295nam a22002895a 4500 | ||
|---|---|---|---|
| 008 | 090224t2006 xxua|||fr|||| 001 0 eng d | ||
| 010 | _a 2006007200 | ||
| 020 | _a1593700733 (hardcover) | ||
| 020 | _a9781593700737 | ||
| 035 | _a(OCoLC)ocm65425748 | ||
| 040 |
_aEG-ScBuE _beng _cEG-ScBuE |
||
| 082 | 0 | 4 |
_a658.26 _bSED _222 |
| 100 | 1 |
_aSeddon, Duncan. _92669 |
|
| 245 | 1 | 0 |
_aGas usage & value : _bThe technology and economics of natural gas use in the process industries / _cDuncan Seddon. |
| 246 | 3 | _aGas usage and value | |
| 246 | 3 | _aTechnology and economics of natural gas use in the process industries | |
| 260 |
_aTulsa : _bPennWell, _cc.2006. |
||
| 300 |
_axv, 328 p. : _bill. ; _c24 cm. |
||
| 500 | _aIndex : p. 313-328. | ||
| 504 | _aIncludes bibliographical references. | ||
| 505 | 0 | _aGas availability -- Gas composition -- Comparison of energy fuels -- Gas transport -- Power generation and thermal uses of gas -- Chemical intermediates -- Methanol and derivatives -- Methanol GTL derivatives -- Gas to liquids (GTL) -- Liquefied and compressed natural gas -- Ammonia and derivatives -- Ore processing. | |
| 590 | _ayassmeen ashraf | ||
| 650 | 0 |
_aNatural gas. _92670 _2BUEsh |
|
| 651 | _2BUEsh | ||
| 653 |
_bENGPET _cAugust2015 |
||
| 942 |
_cBB _k658.26 SED _2ddc |
||
| 999 |
_c8613 _d8613 |
||